01260nam a2200301Ia 4500001001200000003000800012006001900020007001500039008004100054020001500095040002100110035002100131050002400152245017800176260005900354300001100413490006900424533015200493650001900645650003800664655002900702700002200731700001700753700002800770710001700798856012600815999001700941ebr10085649CaPaEBRm u cr cn|||||||||000815s2005 enk s 000 0 eng d z1845441427 aCaPaEBRcCaPaEBR a(OCoLC)13316401514aHF1359b.G56 2005eb04aThe globalisation of labour counter-coordination and unionism on the interneth[electronic resource] /cguest editors: Margaret Greico, John Hogan and Miguel Martinez Lucio. aBradford, England :bEmerald Group Publishing,cc2005. a140 p.0 aCritical perspectives on international business ;vv. 1, no. 2/3 aElectronic reproduction.bPalo Alto, Calif. :cebrary,d2009.nAvailable via World Wide Web.nAccess may be limited to ebrary affiliated libraries. 0aGlobalization. 0aInternational economic relations. 7aElectronic books.2local1 aGreico, Margaret.1 aHogan, John.1 aLucio, Miguel Martinez.2 aebrary, Inc.40uhttp://site.ebrary.com/lib/rucke/Doc?id=10085649zAn electronic book accessible through the World Wide Web; click to view c49763d49763